Normal view
MARC view
Entry Personal Name
001 - CONTROL NUMBER
- control field: 9538
003 - CONTROL NUMBER IDENTIFIER
- control field: BD-RjUL
005 - DATE AND TIME OF LATEST TRANSACTION
- control field: 20231015123503.0
008 - FIXED-LENGTH DATA ELEMENTS
- fixed length control field: 231015|| aca||aabn | a|a d
040 ## - CATALOGING SOURCE
- Original cataloging agency: BD-RjUL
- Transcribing agency: BD-RjUL
100 ## - HEADING--PERSONAL NAME
- Personal name: Awad, Elias M
670 ## - SOURCE DATA FOUND
- Source citation: Work cat.: (BD-RjUL)82110: Awad, Elias M. , Knowledge management / , ©2007